<?xml version="1.0" encoding="UTF-8"?>
<record
    xmlns:xsi="http://www.w3.org/2001/XMLSchema-instance"
    xsi:schemaLocation="http://www.loc.gov/MARC21/slim http://www.loc.gov/standards/marcxml/schema/MARC21slim.xsd"
    xmlns="http://www.loc.gov/MARC21/slim">

  <leader>00485nam a22001337a 4500</leader>
  <controlfield tag="001">9789877840285</controlfield>
  <controlfield tag="003">AR-BeUNQ</controlfield>
  <controlfield tag="005">20220808154609.0</controlfield>
  <datafield tag="245" ind1="0" ind2="3">
    <subfield code="a">Educar en igualdad :</subfield>
    <subfield code="b">Prevenci&#xF3;n y erradicaci&#xF3;n de la violencia de g&#xE9;nero : Orientaciones para Instituciones Educativas</subfield>
    <subfield code="c">Ministerio de Educaci&#xF3;n de la Naci&#xF3;n</subfield>
    <subfield code="h">libro</subfield>
  </datafield>
  <datafield tag="250" ind1=" " ind2=" ">
    <subfield code="a">1a.ed.</subfield>
  </datafield>
  <datafield tag="260" ind1=" " ind2=" ">
    <subfield code="a">CABA :</subfield>
    <subfield code="b">Ministerio de Educaci&#xF3;n de la Naci&#xF3;n,</subfield>
    <subfield code="c">2021</subfield>
  </datafield>
  <datafield tag="500" ind1=" " ind2=" ">
    <subfield code="a">Prevencion sobre la violencia de g&#xE9;nero. </subfield>
  </datafield>
  <datafield tag="942" ind1="0" ind2="3">
    <subfield code="c">LIB</subfield>
  </datafield>
  <datafield tag="999" ind1=" " ind2=" ">
    <subfield code="c">295</subfield>
    <subfield code="d">295</subfield>
  </datafield>
  <datafield tag="952" ind1=" " ind2=" ">
    <subfield code="0">0</subfield>
    <subfield code="1">0</subfield>
    <subfield code="7">0</subfield>
    <subfield code="a">BIBESET</subfield>
    <subfield code="b">BIBESET</subfield>
    <subfield code="c">circulacion</subfield>
    <subfield code="d">2022-08-04</subfield>
    <subfield code="o">371 /MIN</subfield>
    <subfield code="p">59580</subfield>
    <subfield code="r">2022-08-08</subfield>
    <subfield code="y">LIB</subfield>
  </datafield>
  <datafield tag="952" ind1=" " ind2=" ">
    <subfield code="0">0</subfield>
    <subfield code="1">0</subfield>
    <subfield code="7">0</subfield>
    <subfield code="a">BIBESET</subfield>
    <subfield code="b">BIBESET</subfield>
    <subfield code="c">circulacion</subfield>
    <subfield code="d">2022-08-04</subfield>
    <subfield code="o">371 /MIN</subfield>
    <subfield code="p">59581</subfield>
    <subfield code="r">2022-08-08</subfield>
    <subfield code="y">LIB</subfield>
  </datafield>
  <datafield tag="952" ind1=" " ind2=" ">
    <subfield code="0">0</subfield>
    <subfield code="1">0</subfield>
    <subfield code="7">0</subfield>
    <subfield code="a">BIBESET</subfield>
    <subfield code="b">BIBESET</subfield>
    <subfield code="c">circulacion</subfield>
    <subfield code="d">2022-08-04</subfield>
    <subfield code="o">371 /MIN</subfield>
    <subfield code="p">59582</subfield>
    <subfield code="r">2022-08-08</subfield>
    <subfield code="y">LIB</subfield>
  </datafield>
</record>
